March Madness Sweet 16 2017 - Statistics

General Stats
  • This quiz has been taken 336 times
  • The average score is 11 of 16
Answer Stats
Division Answer % Correct
South North Carolina
92%
South Kentucky
86%
West Gonzaga
85%
Midwest Kansas
85%
Midwest Michigan
80%
East Florida
76%
Midwest Oregon
69%
South UCLA
69%
East South Carolina
68%
East Wisconsin
66%
West Arizona
59%
East Baylor
59%
West Xavier
56%
Midwest Purdue
52%
South Butler
45%
West West Virginia
42%
No matching quizzes found
Score Distribution
Percent of People with Each Score
Percentile by Number Answered
Your Score History
You have not taken this quiz